Quizzes
Events
Quiz Creation
Community
Videos
Private Events
Remove Ads
Sign In
Join for FREE
Feedback
Dark Mode
Quiz Categories
Sports
Geography
Music
Movies
Television
Just For Fun
Miscellaneous
History
Literature
Language
Science
Gaming
Entertainment
Religion
Holiday
For Kids
Quiz Lab
Recent
Popular Today
Quiz Kudos Today
Editor Picks
Curator Picks
Quizzes by...
Day
Popularity
Type
Ratings
Length
Year
Community
Subscriptions
Recent Discussions
Orange Saloon
Badges
Playlists
Quests
Create
Leaderboards
Showdown
Live 5
Trivia Bingo
Activity
Puzzle Library
Sporcle Events
Private Events
Virtual Trivia
Globe League
Become a Host
Pub Owners
SporcleCon
Opinionation
Our Games
Videos
Blog
Mobile Apps
Partnerships
Remove Ads and Go Orange
Feedback
Movies
Disney
Marvel Cinematic Universe
Movie Resume
Movie Titles
Oscar
Actor
Actress
Director
Pixar
Role
Movie Quotes
Movie Characters
Box Office
Nominee
Best Picture
Star Wars
James Bond
Horror Movies
Movies
Disney
Marvel Cinematic Universe
Movie Resume
Movie Titles
Oscar
Actor
Actress
Director
Pixar
Role
Movie Quotes
Movie Characters
Box Office
Nominee
Best Picture
Star Wars
James Bond
Horror Movies
Random Quiz
Search Sporcle
×
Quiz Lab
Quiz Lab
Movies
brad
Type in answers that appear in a list
Type in answers that appear in a list
Classic
Best Score? Go Orange.
Brad Pitt Filmography Stats
Can you name the films Brad Pitt has starred in?
By
feliciatse
8m
43 Questions
414 Plays
414 Plays
414 Plays
Comments
Comments
Give Quiz Kudos
Give Quiz Kudos
-
- Ratings
hide this ad
Replay
Link that replays current quiz
Next Quiz
Link to next quiz in quiz playlist
You Got
0%
They Got
Avg Score
33%
Avg Friend Score
Upgrade to see
Score Distribution
Jump to the score distribution portion of the page
Score
0/43
Timer
08:00
0
Plays Today
Role
Movie Name
% Correct
Tyler Durden
Fight Club
90.6%
David Mills
Seven
83.8%
Benjamin Button
The Curious Case Of Benjamin Button
83.8%
Achilles
Troy
80.7%
Rusty Ryan
Ocean's Eleven
80.2%
Joe Black
Meet Joe Black
79.7%
Rusty Ryan
Ocean's Twelve
79.7%
Rusty Ryan
Ocean's Thirteen
78.7%
John Smith
Mr. & Mrs. Smith
72.7%
J.D.
Thelma & Louise
64%
Mickey O'Neil
Snatch
59.9%
Lieutenant Aldo Raine
Inglourious Basterds
53.6%
Louis de Pointe du Lac
Interview With The Vampire
46.6%
Chad Feldheimer
Burn After Reading
43.2%
Jesse James
The Assassination Of Jesse James By The Coward Robert Ford
42.5%
Jeffrey Goines
12 Monkeys
37.2%
Heinrich Harrer
Seven Years In Tibet
34.5%
Tristan Ludlow
Legends Of The Fall
32.9%
Metro-
Man
Megamind
32.4%
Jerry Welbach
The Mexican
30.7%
Richard
Babel
27.8%
Paul Maclean
A River Runs Through It
26.8%
Role
Movie Name
% Correct
Floyd
True Romance
26.6%
Early Grayce
Kalifornia
24.2%
Francis 'Frankie Austin and McQuire/
Rory Devaney
The Devil's Own
17.6%
Tom Bishop
Spy Game
17.4%
Michael Sullivan
Sleepers
16.4%
Johnny Suede
Johnny Suede
13.3%
Detective Frank Harris
Cool World
13%
Brad, Bachelor # 1
Confessions Of A Dangerous Mind
9.9%
Sinbad
Sinbad: Legend Of The Seven Seas
7.7%
Dwight Ingalls
Cutting Class
5.1%
Himself
Being John Malkovich
4.6%
Elliott Fowler
The Favor
3.4%
Partygoer
Less Than Zero
2.9%
Joe Maloney
Across The Tracks
2.9%
Himself
Full Frontal
2.4%
Officer
No Way Out
1.7%
Brian
Happy Together
1.7%
Cox
Contact
1.7%
Waiter
No Man's Land
1.4%
Rick
The Dark Side Of The Sn
0.2%
Himself
Abby Singer
0%
Quiz Playlist
Details
Report
Send in Message
Add To Playlist
Classic:
Type in answers that appear in a list
Last Updated: Feb 16, 2017
Quiz Scoreboard
CHALLENGE
Sign Up to Join the Scoreboard
Show All
Scores
Hide
Comments
May contain spoilers
Recently Published
Billboard Blitz: Fleetwood Mac
by CooCooCachoo
Music
15s
Presidents Visiting Landmarks
by Hejman
History
7m
An Introduction to Baseball
by treessimontrees
Sports
5m
More to Explore
Quiz From the Vault
Featured Blog Post
Where Did the Easter Bunny Come From?
hide this ad
You Might Also Like...
Tags
brad
Brad Pitt
Filmography
pitt
Today's Top Quizzes in Movies
Browse Movies
hide this ad
Today's Top Quizzes in brad
Browse brad
Top Contributed Quizzes in Movies
1
Pick 5 Posters: Directed by Spielberg
2
7-to-1: Pixar Characters
3
Pick 5 Posters: Lowest-Rated Spielberg
4
Pick 5 Posters: Directed by Scorsese
5
Sorting Actors
6
Sorting Actresses
7
Pick 5 Posters: Star & Director
8
Pick 5 Posters: Women Directed 2020s
9
12 Movies about Fictional 1960s Events
10
Multi-Oscar Nominations, One Movie, One Winner
Explore More
Trending Topics
Marvel
Kpop
Harry Potter
Disney
Crossword
NBA
Anime
Soccer
WWE
Song
Country
Puzzle
NFL
Pokémon
The Office
hide this ad
More By:
feliciatse
Quiz
Plays
Rating
Category
Featured
Created
Brad Pitt Filmography
414
3.50
Movies
Jan 11, 2011
Cleopatra's Children
107
2.00
History
Jan 11, 2011
Go to Creator's Profile
Score Distribution
Quiz Creator Spotlight
feliciatse
Follow
Send a Message
Quizzes Created
-
Created Quiz Play Count
-
More By This Creator
Popular Quizzes Today
1
Find the US States - No Outlines Minefield
2
Find the Countries of Europe - No Outlines Minefield
3
The Countries of the World
4
Find the US States
5
US States
6
Popular People in 1961
7
Risky Map Clicking: Biggest States A-Z
8
Movies - When Are They Set?
More Movies Quizzes
Honey, I Shrunk the Quiz
Editor's Pick
Trending Quizzes
Risky Map Clicking: Least Populous States A-Z
1-10 Letter G Words
1-10 Letter F Words
Risky Map Clicking: Next State Alphabetically
Risky Map Clicking: Biggest States A-Z
Recently Updated
Leaping Animals
pecheneg
Reality TV Shows (A-Z)
bhenderson79
Rickey Henderson's Hall of Fame Teammates
pecheneg
Champions League XIs: Arsenal
pecheneg
Quick Pick: Celebrities in WWE's Hall of Fame
aduchscher
A-Z Keypad Blitz II
pecheneg
Multiple Oscar Actors
pecheneg
Mystery Phrase Blitz: Oscar 'Best Actors'
pecheneg
F. Scott Fitzgerald Novels
LTH
Pick 3 Villains
ddd62291
Trending Topics
Disney
NBA
Harry Potter
Marvel
Anime
Crossword
Kpop
Song
NFL
Puzzle
Soccer
Country
The Office
Pokémon
WWE
Your Account Isn't Verified!
In order to create a playlist on Sporcle, you need to verify the email address you used during registration. Go to your
Sporcle Settings
to finish the process.
Report this User
Report this user for behavior that violates our
Community Guidelines
.
Details:
Send Report
Go to the Sporcle.com Mobile Site →
Comments